Planning Act 2008 (Record no. 110420)

MARC details
000 -LEADER
fixed length control field 01108cad a22002295a 4500
001 - CONTROL NUMBER
control field L149215
008 - FIXED-LENGTH DATA ELEMENTS--GENERAL INFORMATION
fixed length control field 100204s20100201xxk f 000 0 eng d
020 ## - INTERNATIONAL STANDARD BOOK NUMBER
International Standard Book Number 9781409821700
035 ## - SYSTEM CONTROL NUMBER
System control number (Sirsi) u149215
041 0# - LANGUAGE CODE
Language code of text/sound track or separate title eng
110 2# - MAIN ENTRY--CORPORATE NAME
Corporate name or jurisdiction name as entry element United Kingdom
Subordinate unit Department for Communities and Local Government
9 (RLIN) 4939
245 00 - TITLE STATEMENT
Title Planning Act 2008
Remainder of title The Infrastructure Planning (Fees) Regulations 2010 Guidance
Medium [electronic resource]
260 ## - PUBLICATION, DISTRIBUTION, ETC.
Place of publication, distribution, etc. London
Name of publisher, distributor, etc. DCLG
Date of publication, distribution, etc. 2010
520 ## - SUMMARY, ETC.
Summary, etc. Non-statutory guidance aids interpretation of the "Infrastructure Planning (Fees) Regulations 2010". Worked examples of how fees work in practice when making applications to Infrastructure Planning Commission (IPC).
590 ## - LOCAL NOTE (RLIN)
Local note KA
650 24 - SUBJECT ADDED ENTRY--TOPICAL TERM
Topical term or geographic name entry element PLANNING ACT 2008
650 24 - SUBJECT ADDED ENTRY--TOPICAL TERM
Topical term or geographic name entry element INFRASTRUCTURE PLANNING (FEES) REGULATIONS 2010
651 #4 - SUBJECT ADDED ENTRY--GEOGRAPHIC NAME
Geographic name ENGLAND AND WALES
690 ## - LOCAL SUBJECT ADDED ENTRY--TOPICAL TERM (OCLC, RLIN)
Topical term or geographic name as entry element ENVIRONMENTAL AND LAND CONSULTANCY-PLANNING AND DEVELOPMENT
856 48 - ELECTRONIC LOCATION AND ACCESS
Uniform Resource Identifier <a href="https://www.communities.gov.uk/publications/planningandbuilding/infrastructurefeesguidance">https://www.communities.gov.uk/publications/planningandbuilding/infrastructurefeesguidance</a>
Public note View this online document free of charge at www.communities.gov.uk...
942 ## - ADDED ENTRY ELEMENTS (KOHA)
Suppress in OPAC 0
Holdings
Withdrawn status Lost status Source of classification or shelving scheme Damaged status Not for loan Home library Current library Shelving location Date acquired Total Checkouts Full call number Barcode Date last seen Copy number Price effective from Koha item type
    Dewey Decimal Classification     Virtual Virtual Online 04/02/2010   ONLINE PUBLICATION 149215-2001 06/08/2019 1 06/08/2019 Book